000
00284nam a22001097a 4500
008
160504b xxu||||| |||| 00| 0 eng d
020
_a
0534546161
041
_a
eng
080
_a
612.39
245
_a
Understanding nutrition:
_c
Eleanor Noss Whitney; Sharon Rady Rolfes;
942
_2
udc
_c
BK
999
_c
1771
_d
1771